| 000 | 00784nam a2200277Ia 4500 | ||
|---|---|---|---|
| 001 | Para_4453 | ||
| 003 | CHAP | ||
| 008 | 220125s1922 xx 000 0 und d | ||
| 010 | _a204673 | ||
| 040 | _cCHAP | ||
| 090 | _aPA FOLLETO 1699 | ||
| 100 |
_aWoglum, R. S _9168463 |
||
| 245 |
_aControl of the Citrophilus mealybug / _c by R. S. Woglum, and A. D. Borden |
||
| 260 |
_aWashington : _b Department of Agriculture |
||
| 300 | _a20 p. | ||
| 440 |
_aEUA. Dept. of Agriculture Bull.; 1040 _9170630 |
||
| 650 |
_aPseudococcus gahani _992561 |
||
| 700 |
_aBorden, A. D. _9167905 |
||
| 901 | _aPA FOLLETO 1699 | ||
| 902 | _aA | ||
| 905 | _a0000001922 WAS 0000000000 00 | ||
| 910 | _a1922 | ||
| 942 | _cPARA | ||
| 942 |
_cPARA _d1 |
||
| 999 |
_c204673 _d204673 |
||